000
00270nam a2200097Ia 4500
008
120527s9999 xx 000 0 und d
100
_a
Odeyemi,J.O
245
_a
Worked examples and problems in pure and applied mathematics.
260
_b
Heineman Educational
942
_c
BK
999
_c
22255
_d
22255